Loading...
| Religion | 0 | 2 | 0 | 1 | 20 | 88 | 103.00 | 0 | 1 | 0.00 | 0.00 |
| Science - Chemistry | 0 | 2 | 0 | 0 | 20 | 112 | 113.50 | 0 | 0 | 0.00 | 0.00 |
| Science - Physics | 0 | 2 | 1 | 0 | 15 | 113 | 119.00 | 0 | 0 | 0.00 | 0.00 |
| Science - Other | 0 | 1 | 0 | 0 | 10 | 84 | 84.00 | 0 | 0 | 0.00 | 0.00 |
| Social Science | 0 | 1 | 1 | 0 | 5 | 91 | 91.00 | 0 | 1 | 0.00 | 0.00 |
| Fine Arts - Other | 0 | 1 | 1 | 0 | 5 | 129 | 129.00 | 0 | 0 | 0.00 | 0.00 |
| History - European | 0 | 0 | 0 | 0 | 0 | 0.00 | 0 | 0 | 0.00 | 0.00 | |
| Literature - European | 0 | 0 | 0 | 0 | 0 | 0.00 | 0 | 0 | 0.00 | 0.00 | |
| Fine Arts - Painting and Sculpture | 0 | 0 | 1 | 0 | -5 | 0.00 | 0 | 0 | 0.00 | 0.00 |